000 00803 a2200217 4500
999 _c2602
_d2602
020 _a002306451X
050 0 0 _aHV9104 BAR 1993
100 1 _aBartollas, Clemens.
245 1 0 _aJuvenile delinquency /
_cClemens Bartollas.
250 _a3rd ed.
264 _aNew York
_bMacMillan
_c1993
300 _axxv, 610 p. :
_bill. ;
500 _aIncludes Subject index
504 _aIncludes bibliographical references and indexes.
650 0 _aJuvenile delinquency
650 0 _aJuvenile justice, Administration of
650 0 _aJuvenile delinquency
_xPrevention.
650 0 _aJuvenile delinquents
_xRehabilitation
942 _2lcc
_cBK
_e3rd ed.
_h9104
_iBAR
_kHV